| 000 | 00622cam a2200217u 4500 | ||
|---|---|---|---|
| 999 |
_c7657 _d7657 |
||
| 001 | 9470 | ||
| 003 | BD-DhUAP | ||
| 005 | 20210127155406.0 | ||
| 008 | 210127s2003 ii a 000 0 eng | ||
| 020 | _a8175341234 | ||
| 040 |
_aDLC _cCarP _dBD-DhUAP _beng |
||
| 082 |
_223 _a341.2 BOW |
||
| 100 | 1 | _aBowett, D. W. | |
| 245 | 1 | 4 |
_aThe law of international institutions / _cD. W. Bowett. |
| 250 | _a4th ed. | ||
| 260 |
_aNew Delhi : _bUniversal, _cc1982 [Reprinted 2003]. |
||
| 300 |
_axv, 431 pages ; _c23 cm. |
||
| 650 | 0 | _aRegionalism (International organization) | |
| 650 | 0 | _aInternational agencies. | |
| 942 |
_2ddc _cBK |
||